Video discs : the technology, the applications, and the future /

Guardado en:
Autor Principal: Sigel, Efrem.
Otros Autores: Schubin, Mark., Merrill, Paul F.
Formato: Libro
Idioma:English
Publicado: White Plains, N.Y. : Knowledge Industry Publications, c1980.
Materias:
Etiquetas: Agregar Etiqueta
Sin Etiquetas, Sea el primero en etiquetar este registro!
LEADER 00854cam a22002295a 4500
001 EIQ.libpla001235
008 800917s1980####nyua##########001#0#eng#d
005 20060824154800.0
245 1 0 |a Video discs :  |b the technology, the applications, and the future /  |c by Efrem Sigel, Mark Schubin, Paul F. Merrill, with Kenneth S. Christie, John Rusche, and Alan Horder. 
260 |a White Plains, N.Y. :  |b Knowledge Industry Publications,  |c c1980. 
300 |a iii, 183 p. :  |b il., fotos ;  |c 24 cm. 
500 |a Incluye índice. 
020 |a 0914236563 
100 1 |a Sigel, Efrem. 
700 1 |a Schubin, Mark. 
700 1 |a Merrill, Paul F. 
082 0 0 |a 621.388/33  |2 19 
650 4 |a Discos de video  |x Aplicaciones. 
650 4 |a Videodiscs  |x Applications. 
010 |a  80023112  
040 |a DLC  |c DLC  |d AR-BbSID 
859 |a AR-BbSID  |b BIB. PLAPIQUI  |h 621.388  |i Si 22  |p 1953